000 00742nam a22002537a 4500
003 OSt
005 20220107122747.0
008 140528b xxu||||| |||| 00| 0 eng d
020 _a9788131796993
040 _cIIITM-K
082 _a003.83 BAN/D
100 _aBanks, Jerry
_95495
245 _aDiscrete event system simulation
_cby Jerry Banks; John S Carson II; Barry L Nelson; David M Nicol
250 _a5th ed.
260 _aNew Delhi,
_bDorling Kindersley,
_c2013.
300 _a640p.
650 _aCOMPUTER SCIENCE
_95496
650 _aCOMPUTER MODELING
_95497
650 _aSYSTEM SIMULATION
_95498
700 _aCarson II, John S
_95499
700 _aNelson, Barry L
_95500
700 _aNicol, David M
_95501
942 _2ddc
_cBK
999 _c4265
_d4265